Central Library OPAC University of Rajshahi

Introducing Chaucer / (Record no. 20536)

MARC details
000 -LEADER
fixed length control field 00631nam a22002292a 4500
001 - CONTROL NUMBER
control field 20536
003 - CONTROL NUMBER IDENTIFIER
rucl marc code BD-RjUL
005 - DATE AND TIME OF LATEST TRANSACTION
control field 20211209000558.0
008 - FIXED-LENGTH DATA ELEMENTS--GENERAL INFORMATION
fixed length control field 140301s1949 enk 000 0 eng d
035 ## - SYSTEM CONTROL NUMBER
System control number OCLC ocm00458925 from D950807M
-- (BD-RjUL)20598
040 ## - CATALOGING SOURCE
Original cataloging agency DLC
Transcribing agency DLC
Modifying agency BD-RjUL
Language of cataloging eng
041 ## - LANGUAGE CODE
Language code of text/sound track or separate title eng
082 ## - DEWEY DECIMAL CLASSIFICATION NUMBER
Classification number 821.1
Author mark and year BRI 1949
100 1# - MAIN ENTRY--PERSONAL NAME
Personal name Brett-james, Norman G.
9 (RLIN) 63360
245 10 - TITLE STATEMENT
Title Introducing Chaucer /
260 ## - PUBLICATION, DISTRIBUTION, ETC. (IMPRINT)
Place of publication, distribution, etc. London :
Name of publisher, distributor, etc. George G. Harrap and Co. Ltd.,
Date of publication, distribution, etc. 1949.
300 ## - PHYSICAL DESCRIPTION
Pagination 126 p. ;
Size 19 cm
650 ## - SUBJECT ADDED ENTRY--TOPICAL TERM
Topical term or geographic name as entry element Chaucer, Geoffrey
9 (RLIN) 63361
942 ## - ADDED ENTRY ELEMENTS (KOHA)
Source of classification or shelving scheme Dewey Decimal Classification
Koha item type Books
Holdings
Lost status Source of classification or shelving scheme Damaged status Not for loan Collection code Permanent Location Current Location Shelving location Date acquired Source of acquisition Cost, normal purchase price Total Checkouts Full call number Date last seen Copy number Koha item type
  Dewey Decimal Classification   Added to bundle Fiction Central Library, University of Rajshahi Central Library, University of Rajshahi Reading Room 26/02/1955 O.U.P. 3.00   821.1 BRI 1949 01/03/2014 C-1 Books